Weaving a future (Record no. 122329)
[ view plain ]
| 000 -LEADER | |
|---|---|
| fixed length control field | 01649nam a2200409 a 4500 |
| 082 04 - DEWEY DECIMAL CLASSIFICATION NUMBER | |
| Classification number | 985/.3600498323 |
| 100 1# - MAIN ENTRY--AUTHOR NAME | |
| Personal name | Zorn, Elayne. |
| 245 10 - TITLE STATEMENT | |
| Title | Weaving a future |
| 260 ## - PUBLICATION, DISTRIBUTION, ETC. (IMPRINT) | |
| Place of publication | Iowa City : |
| Name of publisher | University of Iowa Press, |
| Year of publication | c2004. |
| 300 ## - PHYSICAL DESCRIPTION | |
| Number of Pages | xix, 226 p. : |
| Other physical details | ill., map. |
| 650 #0 - SUBJECT ADDED ENTRY--TOPICAL TERM | |
| Topical Term | Quechua textile fabrics |
| Topical Term | Quechua business enterprises |
| Topical Term | Quechua Indians |
| Topical Term | Hand weaving |
| Topical Term | Textile design |
| 856 40 - ELECTRONIC LOCATION AND ACCESS | |
| Uniform Resource Identifier | http://site.ebrary.com/lib/rucke/Doc?id=10514904 |
No items available.
